| 000 | 01049cam a22003618a 4500 | ||
|---|---|---|---|
| 999 |
_c1071 _d1071 |
||
| 003 | OSt | ||
| 005 | 20210623103855.0 | ||
| 008 | ALUPE UNIVERSITY | ||
| 040 | _cALUPE UNIVERSITY | ||
| 050 |
_aLB 2369 _b.G53 2003 |
||
| 100 | 1 |
_aGibaldi, Joseph, _d1942- |
|
| 245 | 1 | 0 |
_aMLA handbook for writers of research papers / _cJoseph Gibaldi. |
| 246 | 3 | 0 | _aHandbook for writers of research papers |
| 250 | _a6th ed. | ||
| 260 |
_aNew York : _bModern Language Association of America, _c2003. |
||
| 300 |
_axvii 361 p. : _bill. ; _a23 cm. |
||
| 504 | _aIncludes bibliographical references and index. | ||
| 650 | 2 |
_aWriting _vhandbooks |
|
| 650 | 2 |
_aResearch _vhandbooks |
|
| 650 | 0 |
_aReport writing _vHandbooks, manuals, etc. |
|
| 650 | 0 |
_aResearch _vHandbooks, manuals, etc. |
|
| 710 | 2 | _aModern Language Association of America. | |
| 930 | 1 | _hLB2369 | |
| 930 | 1 | _hLB2369 | |
| 930 | 1 | _hLB2369 | |
| 930 | 1 | _hLB2369 | |
| 930 | 1 | _hLB2369 | |
| 930 | 1 | _hLB2369 | |
| 930 | 1 | _hLB2369 | |
| 930 | 1 | _hLB2369 | |
| 930 | 1 | _hLB2369 | |
| 942 |
_2lcc _cBK _nMM |
||